[Event "Tetraktys Concept Mgmt"]
[Site "Europe Echecs INT"]
[Date "2021.06.06"]
[Round "4"]
[White "Baskin, Robert"]
[Black "Blagojevic, Lubo"]
[Result "1-0"]
[WhiteElo "2390"]
[BlackElo "1979"]
[PlyCount "53"]
[EventDate "2021.06.06"]
[EventType "swiss (blitz)"]
[EventRounds "11"]
[EventCountry "FRA"]
[SourceTitle "CBM 202 Extra"]
[Source "ChessBase"]
[SourceDate "2021.07.31"]
[SourceVersion "1"]
[SourceVersionDate "2021.07.31"]
[SourceQuality "1"]

1. d4 d5 2. c4 e6 3. Nc3 c6 4. e4 f5 5. cxd5 cxd5 6. e5 Nc6 7. Nf3 Nge7 8. Bd3 Ng6 9. h4 h5 10. Bg5 Be7 11. Ne2 Bd7 12. a3 Qb6 13. b4 Bxg5 14. hxg5 Nge7 15. g6 Nxg6 16. Qd2 Nge7 17. Qg5 g6 18. Rc1 Rf8 19. Nf4 Nxd4 20. Nxg6 Nxf3+ 21. gxf3 Nxg6 22. Qxg6+ Kd8 23. Qg5+ Ke8 24. Qxh5+ Kd8 25. Qg5+ Ke8 26. Rh7 Qd8 27. Qg6+ 1-0

[Event "Tetraktys Concept Mgmt"]
[Site "Europe Echecs INT"]
[Date "2021.06.06"]
[Round "5"]
[White "Blagojevic, Lubo"]
[Black "Jannur, Kupjasar"]
[Result "1-0"]
[WhiteElo "1979"]
[BlackElo "1517"]
[PlyCount "103"]
[EventDate "2021.06.06"]
[EventType "swiss (blitz)"]
[EventRounds "11"]
[EventCountry "FRA"]
[SourceTitle "CBM 202 Extra"]
[Source "ChessBase"]
[SourceDate "2021.07.31"]
[SourceVersion "1"]
[SourceVersionDate "2021.07.31"]
[SourceQuality "1"]

1. e4 c5 2. Nf3 d6 3. d4 cxd4 4. Nxd4 Nf6 5. Nc3 a6 6. Nb3 e5 7. Bd3 Be6 8. 0-0 Be7 9. Kh1 Nbd7 10. f4 exf4 11. Bxf4 Ne5 12. Qe1 Rc8 13. Nd4 Bc4 14. Bxe5 dxe5 15. Nf5 0-0 16. Qg3 Nh5 17. Qg4 g6 18. Nh6+ Kg7 19. Nf5+ Kh8 20. Nh6 Be6 21. Qf3 f6 22. Ng4 Qd7 23. Nf2 Nf4 24. g3 Nh5 25. Rad1 Ng7 26. Bxa6 Qc7 27. Bd3 Bc5 28. a3 Bd4 29. Nb5 Qb6 30. Nxd4 exd4 31. b3 Bd7 32. a4 Ne6 33. Ng4 Ng5 34. Qe2 h5 35. Nf2 Rce8 36. h4 Nh3 37. Nxh3 Bxh3 38. Rf4 Bg4 39. Rxg4 hxg4 40. Qxg4 Kg7 41. h5 f5 42. exf5 Qc6+ 43. Kh2 Rh8 44. fxg6 Ref8 45. Re1 Qf6 46. Re4 Qf2+ 47. Kh3 Kh6 48. Rxd4 Qf6 49. Rf4 Qe7 50. g7 Qxg7 51. Qe6+ Kxh5 52. Rh4+ 1-0

[Event "Tetraktys Concept Mgmt"]
[Site "Europe Echecs INT"]
[Date "2021.06.06"]
[Round "2"]
[White "Sindarov, Javokhir"]
[Black "Blagojevic, Lubo"]
[Result "1-0"]
[WhiteElo "2558"]
[BlackElo "1979"]
[PlyCount "117"]
[EventDate "2021.06.06"]
[EventType "swiss (blitz)"]
[EventRounds "11"]
[EventCountry "FRA"]
[SourceTitle "CBM 202 Extra"]
[Source "ChessBase"]
[SourceDate "2021.07.31"]
[SourceVersion "1"]
[SourceVersionDate "2021.07.31"]
[SourceQuality "1"]

1. e4 e5 2. Nf3 d6 3. d4 exd4 4. Nxd4 Nf6 5. Nc3 Be7 6. g3 0-0 7. Bg2 Bd7 8. 0-0 Nc6 9. b3 Nxd4 10. Qxd4 Bc6 11. Bb2 Ne8 12. Rfe1 Bf6 13. Qd2 g6 14. Rad1 Bg7 15. Ba3 Qf6 16. e5 Qd8 17. Bxc6 bxc6 18. f4 Kh8 19. Ne4 c5 20. Bxc5 Qb8 21. exd6 cxd6 22. Nxd6 Nxd6 23. Bxd6 Qb6+ 24. Qf2 Rfd8 25. Qxb6 axb6 26. a4 Rd7 27. Be5 Rad8 28. Rxd7 Rxd7 29. Bxg7+ Kxg7 30. Kf2 Kf6 31. Kf3 Rd2 32. Re2 Rd6 33. h3 h5 34. g4 hxg4+ 35. hxg4 Rc6 36. c4 Rd6 37. g5+ Kg7 38. Ke3 f6 39. Rd2 Re6+ 40. Kf3 fxg5 41. fxg5 Rc6 42. Rd7+ Kf8 43. Ke4 Ke8 44. Rb7 Kf8 45. Ke5 Rc5+ 46. Kd4 Rc6 47. b4 Ke8 48. b5 Rd6+ 49. Ke5 Rd1 50. Rxb6 Re1+ 51. Kf6 Kd7 52. c5 Re4 53. Rd6+ Kc7 54. a5 Rc4 55. Rc6+ Kb7 56. a6+ Ka7 57. Rc7+ Ka8 58. b6 Rb4 59. Rc8# 1-0

[Event "Mittelrhein Verbandsliga-W 16/17"]
[Site "Nordrheinwestfalen"]
[Date "2016.10.23"]
[Round "3.6"]
[White "Fournell, Udo"]
[Black "Blagojevic, Lubo"]
[Result "0-1"]
[WhiteElo "1892"]
[BlackElo "2020"]
[PlyCount "56"]
[EventDate "2016.09.11"]
[EventType "team-tourn"]
[EventRounds "11"]
[EventCountry "GER"]
[SourceTitle "EXT 2022"]
[Source "ChessBase"]
[SourceDate "2021.10.06"]
[SourceVersion "1"]
[SourceVersionDate "2021.10.06"]
[SourceQuality "1"]
[WhiteTeam "Aachen PTSV"]
[BlackTeam "Wuerselen II"]
[WhiteTeamCountry "GER"]
[BlackTeamCountry "GER"]

1. e4 e5 2. Nf3 d6 3. d4 exd4 4. Nxd4 Nf6 5. Nc3 Be7 6. Bd3 Bd7 7. 0-0 0-0 8. Nd5 Re8 9. Nxe7+ Qxe7 10. Bg5 Qe5 11. Bxf6 Qxf6 12. c3 Nc6 13. Bc2 Re7 14. Re1 Ne5 15. Nf5 Bxf5 16. exf5 Rae8 17. Rf1 Qh4 18. Qd5 Nc6 19. g3 Qf6 20. Rad1 Re5 21. Qd3 h5 22. Kg2 a6 23. Qf3 h4 24. g4 Qg5 25. h3 Re2 26. Bb3 R8e3 27. Qd5 Ne5 28. Kg1 Rg3+ 0-1

[Event "Mittelrhein Verbandsliga-W 15/16"]
[Site "Nordrheinwestfalen"]
[Date "2015.12.13"]
[Round "5.5"]
[White "Blagojevic, Lubo"]
[Black "Weyer, Hans Juergen"]
[Result "1-0"]
[WhiteElo "2053"]
[BlackElo "1938"]
[PlyCount "81"]
[EventDate "2015.09.06"]
[EventType "team-tourn"]
[EventRounds "11"]
[EventCountry "GER"]
[SourceTitle "EXT 2022"]
[Source "ChessBase"]
[SourceDate "2021.10.06"]
[SourceVersion "1"]
[SourceVersionDate "2021.10.06"]
[SourceQuality "1"]
[WhiteTeam "Wuerselen II"]
[BlackTeam "Herzogenrath"]
[WhiteTeamCountry "GER"]
[BlackTeamCountry "GER"]

1. e4 e6 2. d4 d5 3. exd5 exd5 4. Nf3 Nf6 5. Bg5 Be7 6. Be2 c6 7. 0-0 0-0 8. c3 Bg4 9. Nbd2 Nbd7 10. Bd3 Bh5 11. Qc2 Bg6 12. Rfe1 Re8 13. Ne5 Bxd3 14. Qxd3 Ne4 15. Bxe7 Nxe5 16. dxe5 Rxe7 17. Nxe4 dxe4 18. Qxe4 Qb6 19. Re2 Rae8 20. Qg4 h6 21. Rae1 Qa5 22. f4 Qd5 23. a3 a5 24. h3 Re6 25. Re4 b5 26. Rd4 Qb3 27. Rd2 Qc4 28. Red1 Qe4 29. Re2 Qc4 30. Rd4 Qa2 31. Rd1 b4 32. axb4 axb4 33. f5 Rxe5 34. f6 g5 35. Rxe5 Rxe5 36. Qc8+ Kh7 37. Qf8 Kg6 38. g4 Qa7+ 39. Kh1 Kxf6 40. Qxh6+ Ke7 41. Qd6+ 1-0

[Event "Mittelrhein Verbandsliga-W 15/16"]
[Site "Nordrheinwestfalen"]
[Date "2015.09.06"]
[Round "1.3"]
[White "Blagojevic, Lubo"]
[Black "Juelich, Thomas"]
[Result "1/2-1/2"]
[WhiteElo "2053"]
[BlackElo "1936"]
[PlyCount "92"]
[EventDate "2015.09.06"]
[EventType "team-tourn"]
[EventRounds "11"]
[EventCountry "GER"]
[SourceTitle "EXT 2022"]
[Source "ChessBase"]
[SourceDate "2021.10.06"]
[SourceVersion "1"]
[SourceVersionDate "2021.10.06"]
[SourceQuality "1"]
[WhiteTeam "Wuerselen II"]
[BlackTeam "Pulheim"]
[WhiteTeamCountry "GER"]
[BlackTeamCountry "GER"]

1. e4 d6 2. d4 Nf6 3. Bd3 g6 4. c4 Bg7 5. Ne2 0-0 6. 0-0 Na6 7. Nbc3 c5 8. d5 e6 9. Bg5 h6 10. Bh4 g5 11. Bg3 Nh5 12. f4 gxf4 13. Bxf4 Nxf4 14. Nxf4 Kh8 15. dxe6 Bxe6 16. a3 Nc7 17. Rb1 Qg5 18. Ncd5 Nxd5 19. exd5 Bg4 20. Qd2 Rae8 21. h3 Bd4+ 22. Kh2 Bd7 23. Rf3 Qe5 24. Rbf1 Rg8 25. Kh1 Be3 26. Qc2 Qg5 27. Be4 Bd4 28. b4 b6 29. Bd3 Re3 30. g3 Rxf3 31. Rxf3 Re8 32. Kh2 Re3 33. Rxe3 Bxe3 34. Ng2 Bd4 35. Qe2 Be5 36. Qf3 Kg7 37. h4 Qg4 38. Qxg4+ Bxg4 39. Ne3 Bd7 40. b5 Kf6 41. Kg2 Bd4 42. Nc2 Ke5 43. Ne1 Bg4 44. Nf3+ Bxf3+ 45. Kxf3 Bb2 46. a4 f5 1/2-1/2

[Event "Oberliga NRW 1415"]
[Site "Germany"]
[Date "2014.09.14"]
[Round "1.8"]
[White "Kuhnen, Thomas"]
[Black "Blagojevic, Lubo"]
[Result "1/2-1/2"]
[WhiteElo "2056"]
[BlackElo "2053"]
[PlyCount "117"]
[EventDate "2014.09.14"]
[EventType "team-tourn"]
[EventRounds "9"]
[EventCountry "GER"]
[SourceTitle "EXT 2017"]
[Source "ChessBase"]
[SourceDate "2016.10.25"]
[SourceVersion "1"]
[SourceVersionDate "2016.10.25"]
[SourceQuality "1"]
[WhiteTeam "Plettenberg"]
[BlackTeam "Wuerselen"]
[WhiteTeamCountry "GER"]
[BlackTeamCountry "GER"]

1. e4 e5 2. Bc4 Nf6 3. Nc3 Be7 4. Nf3 d6 5. h3 Nc6 6. 0-0 0-0 7. d3 Na5 8. Bb3 c5 9. Qe2 Nc6 10. Nd5 Nxd5 11. Bxd5 Nd4 12. Nxd4 cxd4 13. c3 dxc3 14. bxc3 Qc7 15. c4 Be6 16. Be3 Bxd5 17. cxd5 Qd7 18. Rfc1 a6 19. Rc2 Rfc8 20. Rac1 Bd8 21. d4 exd4 22. Bxd4 Bg5 23. Rxc8+ Rxc8 24. Rxc8+ Qxc8 25. Kh2 b5 26. Qb2 f6 27. g3 Bc1 28. Qb4 Qc7 29. Kg2 Kf7 30. a4 Qc2 31. Kf3 bxa4 32. Qxd6 Qd1+ 33. Kg2 Qxd4 34. Qe6+ Kg6 35. Qg4+ Bg5 36. h4 Qe5 37. hxg5 fxg5 38. d6 h5 39. Qd1 Qxe4+ 40. f3 Qe8 41. d7 Qd8 42. Qxa4 Kf7 43. Qc4+ Ke7 44. Qd5 Qxd7 45. Qxg5+ Kf8 46. Qxh5 Qd2+ 47. Kf1 Qc1+ 48. Kf2 Qc2+ 49. Kf1 Qb1+ 50. Kf2 Qb6+ 51. Kg2 Qb2+ 52. Kg1 Qa1+ 53. Kg2 a5 54. Qc5+ Kf7 55. Qd5+ Ke7 56. Qc5+ Kf7 57. Qd5+ Kg6 58. Qe4+ Kf6 59. Qc6+ 1/2-1/2

[Event "NRW Class2 1314"]
[Site "Germany"]
[Date "2014.02.02"]
[Round "6.8"]
[White "Blagojevic, Lubo"]
[Black "Klemme, Thomas"]
[Result "0-1"]
[WhiteElo "2033"]
[BlackElo "1860"]
[PlyCount "92"]
[EventDate "2013.09.15"]
[EventType "team-tourn"]
[EventRounds "9"]
[EventCountry "GER"]
[SourceTitle "EXT 2015"]
[Source "ChessBase"]
[SourceDate "2014.11.20"]
[SourceVersion "1"]
[SourceVersionDate "2014.11.20"]
[SourceQuality "1"]
[WhiteTeam "Wuerselen"]
[BlackTeam "Herford"]
[WhiteTeamCountry "GER"]
[BlackTeamCountry "GER"]

1. d4 d5 2. Bf4 Nf6 3. e3 e6 4. Bd3 Bd6 5. Bg3 b6 6. Nf3 Bb7 7. Nbd2 Ne4 8. Ne5 Nxd2 9. Qxd2 f6 10. Nf3 Qe7 11. Qe2 Nd7 12. c3 0-0 13. Qc2 f5 14. Ne5 c5 15. f4 Nf6 16. Bh4 Qe8 17. Bxf6 gxf6 18. Nf3 Kh8 19. 0-0-0 c4 20. Be2 b5 21. Rdg1 Bc8 22. Nh4 Rg8 23. Bf3 a5 24. a3 b4 25. Kd2 bxa3 26. bxa3 Bxa3 27. Rb1 Bd6 28. g3 Qc6 29. g4 fxg4 30. Rhg1 f5 31. Be2 Bd7 32. h3 gxh3 33. Rh1 Rab8 34. Rxh3 Rxb1 35. Qxb1 Qb5 36. Qa1 a4 37. Bh5 Be8 38. Bxe8 Qxe8 39. Qh1 Rg7 40. Ke2 a3 41. Rh2 Qb5 42. Kf3 Qb3 43. Qa1 Be7 44. Rh1 Bxh4 45. Rxh4 Qc2 46. Qf1 a2 0-1

[Event "Regionalliga Mittelrhein 1213"]
[Site "Germany"]
[Date "2013.02.03"]
[Round "7.6"]
[White "Blagojevic, Lubo"]
[Black "Schmidt, Kai Uwe"]
[Result "1-0"]
[WhiteElo "2002"]
[BlackElo "1953"]
[PlyCount "75"]
[EventDate "2012.09.09"]
[EventType "team"]
[EventRounds "11"]
[EventCountry "GER"]
[SourceTitle "EXT 2015"]
[Source "ChessBase"]
[SourceDate "2014.11.20"]
[SourceVersion "1"]
[SourceVersionDate "2014.11.20"]
[SourceQuality "1"]
[WhiteTeam "Wuerselen"]
[BlackTeam "Koeln SF II"]
[WhiteTeamCountry "GER"]
[BlackTeamCountry "GER"]

1. e4 c5 2. Nf3 d6 3. d4 cxd4 4. Nxd4 Nf6 5. Nc3 Nc6 6. f3 e5 7. Nb3 Be7 8. Be3 0-0 9. Qd2 a5 10. a4 Nb4 11. Nd5 Nfxd5 12. exd5 f5 13. c3 Na6 14. Qf2 Bh4 15. g3 f4 16. Bb6 fxg3 17. hxg3 Bxg3 18. Bxd8 Bxf2+ 19. Kxf2 Rxd8 20. Nxa5 e4 21. f4 Nc7 22. b4 Rf8 23. Kg3 g5 24. fxg5 Rf3+ 25. Kh4 Nxd5 26. Bc4 Rf4+ 27. Kg3 Rg4+ 28. Kf2 e3+ 29. Ke1 Be6 30. Rd1 Rxa5 31. Bb3 Ra8 32. Bxd5 Bxd5 33. Rxd5 Rxa4 34. Ke2 Rc4 35. Kd3 Rc6 36. b5 Ra5 37. c4 Ra3+ 38. Kd4 1-0

[Event "Fourmies op 34th"]
[Site "Fourmies"]
[Date "2010.05.22"]
[Round "2"]
[White "Shirazi, Kamran"]
[Black "Blagojevic, Lubo"]
[Result "1-0"]
[WhiteElo "2425"]
[BlackElo "2002"]
[PlyCount "61"]
[EventDate "2010.05.22"]
[EventType "swiss"]
[EventRounds "7"]
[EventCountry "FRA"]
[SourceTitle "CBM 136 Extra"]
[Source "ChessBase"]
[SourceDate "2010.07.02"]
[SourceVersion "2"]
[SourceVersionDate "2010.07.15"]
[SourceQuality "1"]

1. e4 e5 2. Nf3 d6 3. d4 exd4 4. Nxd4 Nf6 5. Nc3 Be7 6. Bf4 Bd7 7. Bc4 0-0 8. Bb3 Nc6 9. f3 Nxd4 10. Qxd4 Bc6 11. 0-0-0 Nd7 12. Kb1 Bf6 13. Qe3 Bxc3 14. Qxc3 Qf6 15. Qe3 a5 16. a3 b5 17. h4 Nc5 18. e5 dxe5 19. Bg5 Qg6 20. Qxc5 a4 21. Ba2 b4 22. axb4 a3 23. Qxe5 Rae8 24. h5 Qxc2+ 25. Kxc2 Rxe5 26. Bf4 Re2+ 27. Rd2 Rxd2+ 28. Bxd2 axb2 29. Kxb2 Rb8 30. h6 Re8 31. Re1 1-0

[Event "BEL-ch op"]
[Site "Charleroi"]
[Date "2001.07.??"]
[Round "7"]
[White "Wantiez, Fabrice"]
[Black "Blagojevic, Lubo"]
[Result "1/2-1/2"]
[WhiteElo "2289"]
[BlackElo "2026"]
[PlyCount "66"]
[EventDate "2001.07.??"]
[EventType "swiss"]
[EventRounds "9"]
[EventCountry "BEL"]
[SourceTitle "EXT 2003"]
[Source "ChessBase"]
[SourceDate "2002.11.25"]
[SourceVersion "1"]
[SourceVersionDate "2002.11.25"]
[SourceQuality "1"]

1. e4 e5 2. Nf3 Nc6 3. Bb5 a6 4. Ba4 d6 5. c3 Bd7 6. 0-0 b5 7. Bb3 Na5 8. Bc2 c5 9. d4 Nc6 10. a4 Nf6 11. Qe2 Qb8 12. axb5 axb5 13. Rxa8 Qxa8 14. Na3 b4 15. Nc4 Qb8 16. Bg5 Be7 17. Rd1 b3 18. Bb1 cxd4 19. cxd4 Bg4 20. dxe5 dxe5 21. Bxf6 gxf6 22. Ne3 Nd4 23. Rxd4 Bxf3 24. Qxf3 exd4 25. Nf5 Qb4 26. Bd3 Kd7 27. e5 Rc8 28. Qd5+ Ke8 29. Bb5+ Kf8 30. Nh6 Kg7 31. Nf5+ Kf8 32. Nh6 Kg7 33. Nf5+ Kf8 1/2-1/2